000 01014cam a2200205 a 4500
020 _a9799553709
040 _cMNP
082 _a605 INT 1999 A036 Or.
100 1 _aFriday, Kathleen S.
245 1 0 _aImperata grassland rehabilitation using agroforestry and assisted natural regeneration /
260 _aBogor, Indonesia :
_bInternational Centre for Research in Agroforestry, Southeast Asian Regional Research Programme,
_c1999.
300 _avi, 167 p. :
_bill. ;
_c21 cm.
500 _a"The content of this manual was drawn primarily from materials presented at the International Workshop on Agroforestry Innovations for Imperata Grassland Rehabilitation, held on January 23-27, 1995, in Banjarmasin, Indonesia, and from documented experience with Assisted Natural Regeneration in the Philippines"--P. iii.
650 0 _aImperata.
650 0 _aAgroforestry.
700 1 _aDrilling, M. Elmo.
700 1 _aGarrity, Dennis P.
710 2 _aInternational Centre for Research in Agroforestry.
942 _cEK
999 _c11332
_d11332